| 000 | 00465nam a22001937a 4500 | ||
|---|---|---|---|
| 003 | MPLRDC | ||
| 005 | 20220104144040.0 | ||
| 008 | 210129b ||||| |||| 00| 0 eng d | ||
| 020 | _a962-04-0657-5 | ||
| 082 | _a143.52 GXY | ||
| 100 | _a高宣扬 | ||
| 245 |
_a解释学简论 _c |
||
| 250 | _a一版一刷 | ||
| 260 |
_a _b三联书店 _c1988 |
||
| 300 | _b平 | ||
| 490 | _a西方文文丛书. 1 | ||
| 650 | _a近代哲学总论 | ||
| 942 |
_cBK _o143.52 GXY |
||
| 999 |
_c45891 _d45881 |
||